00400nam a2200157Ia 45000010006000000050017000060080041000230410008000640820015000721000038000872450064001252600009001893000028001986500008002266540008002341804320260306171601.0260306s9999||||xx |||||||||||||| ||und|| aESP a658.4bB45 aBerghe Romero, Edgar van deneAUT 0aGestión y gerencia empresariales:baplicadas al siglo XXI c2010 a336 páginas :c24 cm. aGEN aCAN